Normal view
MARC view
Entry Personal Name
001 - CONTROL NUMBER
- control field: 2180
003 - CONTROL NUMBER IDENTIFIER
- control field: BD-RjUL
005 - DATE AND TIME OF LATEST TRANSACTION
- control field: 20220403110341.0
008 - FIXED-LENGTH DATA ELEMENTS
- fixed length control field: 220403|| aca||aabn | a|a d
040 ## - CATALOGING SOURCE
- Original cataloging agency: BD-RjUL
- Transcribing agency: BD-RjUL
100 ## - HEADING--PERSONAL NAME
- Personal name: Nazrul Islam,
- Titles and other words associated with a name: Kazi,
- Dates associated with a name: 1899-1976
670 ## - SOURCE DATA FOUND
- Source citation: Work cat.: (BD-RjUL)79646: ইসলাম, কাজী নজরুল. 117928, কাজী নজরুল ইসলামের চক্রবাক /